| 000 | 00431pab a2200181 454500 | ||
|---|---|---|---|
| 008 | 180718b2013 xxu||||| |||| 00| 0 eng d | ||
| 100 | _aJyoti | ||
| 245 | _aCrisis in Indian agricultural sector | ||
| 260 | _c2013 | ||
| 300 | _ap.19-27. | ||
| 362 | _aMar | ||
| 650 | _aAgriculture - India | ||
| 650 | _aAgriculture | ||
| 700 | _aPal, Dharam | ||
| 773 | _aAgricultural Situation in India | ||
| 908 | _aN | ||
| 909 | _a103974 | ||
| 999 |
_c103970 _d103970 |
||